| 000 | 01111 a2200193 4500 | ||
|---|---|---|---|
| 001 | 46276 | ||
| 005 | 20260407155735.0 | ||
| 008 | 260407a1965 arg spa d | ||
| 003 | AR-UNSa-BCEJYS | ||
| 040 |
_aAR-UNSa-BCEJYS _bspa _cAR-UNSa-BCEJYS |
||
| 080 |
_a330.35 _xCrecimiento económico |
||
| 245 | 1 | 0 | _aDinero, comercio internacional y crecimiento económico |
| 264 | 1 |
_aMadrid : _bEdiciones Rialp _c1965 |
|
| 300 |
_a220 p. _c24 cm. |
||
| 505 | _aPrimera Parte: Comercio Internacional y crecimiento: 1. Balanza de pagos – 2. Costes comparativos y política comercial – 3. La teoría económica de la unión aduanera – 4. Desarrollo económico y comercio internacional – Segunda Parte: Dinero: Teoría Monetaria y Economía Keynesiana – 6. La “Teoría General”, después de veinticinco años – Tercera Parte: Crecimiento económico: 7. La planificación y el mercado en el desarrollo económico – 8. La economía, política de opulencia – 9. La política social de una sociedad opulenta – | ||
| 942 | _cBK | ||
| 590 | _aniveau_biblio:m niveau_hierar:0 | ||
| 100 | 1 | _aJohnson, Harry G. | |
| 999 |
_c4173 _d4173 |
||